000 00670nam a2200217Ii 4500
003 JO-AjNU
008 230605s9999||||xx |||||||||||||| ||und||
020 _a99921-45-65-X
040 _aJO-AjNU
_bara
_erda
_cJO-AjNU
041 _aara
050 1 4 _aK5015.4.2014
100 3 _aالمري، هادي سالم هادي دهمان,
_eauthor
_964411
245 0 0 _aجريمة العدوان
250 _aط1
264 3 1 _aالقاهرة: دار النهضة العربية، 2014
300 _a321ص
336 _atext
_btxt
_2rdacontent
337 _aunmediated
_bn
_2rdamedia
338 _avolume
_bnc
_2rdacarrier
650 4 _aعدوان-قانون دولي
_964412
999 _aA29353
_c32921
_d32921